| 000 | 00498nam a2200169 a 4500 | ||
|---|---|---|---|
| 001 | 3167 | ||
| 005 | 20140414131849.0 | ||
| 008 | 060202s19uu xx 00 eng d | ||
| 020 | _a2-7641-1379-x | ||
| 050 |
_aM 398.2 _bW37 2001 |
||
| 100 | _aWerner, Stephanie | ||
| 245 |
_aBedtime stories / _cstory adaptation Stephanie Werber ; illustrations by Alla Ipatova and Petelina Irina. |
||
| 260 |
_aCanada : _bTormont, _c2001. |
||
| 300 | _a40 p. ; cm. | ||
| 650 | _aShort stories. | ||
| 999 |
_c110087 _d110087 |
||